000 00475nam a22001695i 4500
001 158838
003 ES-MaACL
005 20230906211331.0
008 040907s1869 gw |||| | eng d
040 _aCAM
_bspa
_cCAM
100 1 _aMarryat, Frederick.
_9188175
245 1 4 _aThe king's own /
_cby captain Marryat.
260 _aLeipzig :
_bBernhard Tauchnitz,
_c1869.
300 _a390 p. ;
_c16 cm.
852 _aES-MaACL
_jG-11790
_z-- Enc. hol.
999 _c158838
_d158838